| 000 | 00682cam a2200193 4500 | ||
|---|---|---|---|
| 008 | 000000n2000 000 0 eng u | ||
| 035 | _a(Sirsi) u107063 | ||
| 245 | _aCall for demolition of 'sink' estates | ||
| 260 | _c2000 | ||
| 490 |
_aDaily Telegraph _v 7 July 2000, 6(1) |
||
| 520 | _aA Commons Select Committee has said that many urban housing estates are beyond repair and should be demolished. They could then be replaced by mixed-income developments to bring the middle classes back into the cities. | ||
| 590 | _aWB | ||
| 650 | _aURBAN HOUSING | ||
| 650 | _aURBAN REGENERATION | ||
| 650 | _aSINK ESTATES | ||
| 650 | _aDTI | ||
| 690 | _aREGENERATION | ||
| 942 | _n0 | ||
| 999 |
_c64023 _d64023 |
||